Born in Columbus/Ohio - Statistics

General Stats
  • This quiz has been taken 47 times
    5 since last reset
  • The average score is 9 of 20
Answer Stats
Hint Answer % Correct
Actress, "National Lampoon's Vacation" "American History X" 1951 Beverly D'Angelo
75%
Considered one of the greatest golfers of all time and winner of a record 18 major championships, nicknamed "The Golden Bear" 1940 Jack Nicklaus
75%
Actor, known for his role as Ricardo Tubbs in "Miami Vice" 1949 Philip Michael Thomas
75%
Founder and owner of the Buffalo Bills until his death in 2014 1918 Ralph Wilson
75%
Writer, "Fear Street" "Goosebumps" "The Nightmare Room" 1943 R. L. Stine
75%
Gymnast and winner of eleven Olympic medals, she is already considered one of the greatest gymnasts of all time 1997 Simone Biles
75%
Actress, "Law & Order" "CSI: Miami" "FBI" 1976 Alana de la Garza
50%
Actor, known for his role as The Riddler in "Gotham" 1986 Cory Michael Smith
50%
Football coach and head coach at the University of Wisconsin since 2023 (head coach at the University of Cincinnati from 2017 to 2022) 1973 Luke Fickell
50%
Senator from Connecticut from 1952 to 1963, Wall Street banker, father and grandfather of a President 1895 Prescott Bush
50%
Former running back who played for the Cincinnati Bengals and Ohio State, only person to win two Heisman Trophies 1954 Archie Griffin
25%
Basketball player who plays for the Cleveland Cavaliers 1994 Caris LeVert
25%
Cartonnist and writer, "The Secret Life of Walter Mitty" "The Catbird Seat" 1894 James Thurber
25%
Drummer of the duo Twenty One Pilots 1988 Josh Dun
25%
Actor, known for his role as Ted Mosby in "How I Met Your Mother" 1974 Josh Radnor
25%
Basketball head coach of the New York Knicks since 2025 (former coach of the Kings, Cavaliers and Lakers) 1970 Mike Brown
25%
Governor of North Carolina from 2013 to 2017 1956 Pat McCrory
25%
Linebacker who plays for the Washington Commanders 2004 Sonny Styles
25%
Singer of the duo Twenty One Pilots 1988 Tyler Joseph
25%
Manager of the Kansas City Royals 1970 Mike Matheny
0%
No matching quizzes found
Score Distribution
Percent of People with Each Score
Percentile by Number Answered
Your Score History
You have not taken this quiz since the last reset